[Event "Muensterland Verbandsklasse playof 9-11"]
[Site "Germany"]
[Date "2023.04.22"]
[Round "1.1"]
[White "Wienen, Josef"]
[Black "Willermann, Norbert"]
[Result "0-1"]
[WhiteElo "1590"]
[BlackElo "1627"]
[PlyCount "52"]
[EventDate "2022.04.22"]
[EventType "team-match"]
[EventRounds "2"]
[EventCountry "GER"]
[SourceTitle "EXT 2024"]
[Source "ChessBase"]
[SourceDate "2023.10.10"]
[SourceVersion "1"]
[SourceVersionDate "2023.10.10"]
[SourceQuality "1"]
[WhiteTeam "Heiden II"]
[BlackTeam "Emsdetten Rochade III"]
[WhiteTeamCountry "GER"]
[BlackTeamCountry "GER"]

1. c4 Nf6 2. d4 g6 3. Nc3 Bg7 4. e4 d6 5. Be2 0-0 6. Nf3 e5 7. dxe5 dxe5 8. Qxd8 Rxd8 9. 0-0 Nc6 10. Bg5 Nd4 11. Nxd4 Rxd4 12. Bxf6 Bxf6 13. Rad1 Be6 14. Rxd4 exd4 15. Nd5 Bxd5 16. cxd5 c5 17. f4 a6 18. e5 Bg7 19. a4 Rd8 20. d6 f6 21. Bc4+ Kf8 22. Re1 fxe5 23. fxe5 Ke8 24. e6 Rxd6 25. e7 Rf6 26. Bd5 Bh6 0-1

[Event "Muensterland Verbandsklasse 1920"]
[Site "Germany"]
[Date "2019.12.07"]
[Round "4.1"]
[White "Kammers, Heribert"]
[Black "Wienen, Josef"]
[Result "1-0"]
[WhiteElo "1941"]
[BlackElo "1609"]
[PlyCount "119"]
[EventDate "2019.09.14"]
[EventType "team-tourn"]
[EventRounds "7"]
[EventCountry "GER"]
[SourceTitle "EXT 2023"]
[Source "ChessBase"]
[SourceDate "2022.10.05"]
[SourceVersion "1"]
[SourceVersionDate "2022.10.05"]
[SourceQuality "1"]
[WhiteTeam "Hiltrup"]
[BlackTeam "Heiden II"]
[WhiteTeamCountry "GER"]
[BlackTeamCountry "GER"]

1. g4 h5 2. g5 e5 3. d3 h4 4. Nf3 d6 5. c4 h3 6. Rg1 Bf5 7. Qb3 Qc8 8. Nc3 Nd7 9. Be3 Ne7 10. 0-0-0 c6 11. Kb1 b6 12. Ne4 Qc7 13. Ka1 Rc8 14. Nfd2 d5 15. cxd5 cxd5 16. Ng3 d4 17. Nxf5 Nxf5 18. g6 Nc5 19. gxf7+ Qxf7 20. Qxf7+ Kxf7 21. Bg5 Ne6 22. Nc4 Nxg5 23. Rxg5 Kf6 24. Rg1 b5 25. Nd2 Bb4 26. Ne4+ Ke7 27. a3 Ba5 28. Ng5 Rc2 29. Kb1 Rc6 30. Bxh3 g6 31. Bg2 Rc7 32. h3 Rh4 33. Nf3 Rh5 34. Rc1 Ke6 35. Rxc7 Bxc7 36. Rc1 Bb6 37. Rc6+ Nd6 38. Nd2 Kd7 39. Rc2 Rg5 40. Bf3 Rg1+ 41. Ka2 a5 42. Bg4+ Kd8 43. Nf3 Rg2 44. Nxe5 Rxf2 45. Nxg6 Nf5 46. Rc6 Bc7 47. Rf6 Ne7 48. Rxf2 Nxg6 49. Rf5 Ne5 50. Bf3 Ke7 51. h4 Ke6 52. Rf8 Ng6 53. Rc8 Kd7 54. Bg4+ Kc6 55. h5 Ne5 56. Bf3+ Kd7 57. Rg8 Ke6 58. h6 Nf7 59. Rg7 Be5 60. Bd5+ 1-0

[Event "Muensterland Verbandsliga 1819"]
[Site "Germany"]
[Date "2018.11.24"]
[Round "4.7"]
[White "Wagner, Nils Frederic"]
[Black "Wienen, Josef"]
[Result "1/2-1/2"]
[WhiteElo "1635"]
[BlackElo "1631"]
[PlyCount "36"]
[EventDate "2018.09.01"]
[EventType "team-tourn"]
[EventRounds "9"]
[EventCountry "GER"]
[SourceTitle "EXT 2020"]
[Source "ChessBase"]
[SourceDate "2019.10.17"]
[SourceVersion "1"]
[SourceVersionDate "2019.10.17"]
[SourceQuality "1"]
[WhiteTeam "Borken"]
[BlackTeam "Heiden"]
[WhiteTeamCountry "GER"]
[BlackTeamCountry "GER"]

1. c4 c5 2. g3 g6 3. Bg2 Bg7 4. Nc3 Nf6 5. Nf3 0-0 6. 0-0 Nc6 7. d4 cxd4 8. Nxd4 d6 9. Nxc6 bxc6 10. Bxc6 Rb8 11. b3 Ng4 12. Bb2 Ne5 13. Bg2 Nxc4 14. Qc1 Nxb2 15. Qxb2 Ba6 16. Rac1 Rc8 17. Qa3 Bxc3 18. Qxa6 Bd4 1/2-1/2

[Event "Muensterland Verbandsliga 1819"]
[Site "Germany"]
[Date "2018.11.03"]
[Round "3.8"]
[White "Wienen, Josef"]
[Black "Stumpe, Danny"]
[Result "1/2-1/2"]
[WhiteElo "1631"]
[BlackElo "1673"]
[PlyCount "63"]
[EventDate "2018.09.01"]
[EventType "team-tourn"]
[EventRounds "9"]
[EventCountry "GER"]
[SourceTitle "EXT 2020"]
[Source "ChessBase"]
[SourceDate "2019.10.17"]
[SourceVersion "1"]
[SourceVersionDate "2019.10.17"]
[SourceQuality "1"]
[WhiteTeam "Heiden"]
[BlackTeam "Muenster IV"]
[WhiteTeamCountry "GER"]
[BlackTeamCountry "GER"]

1. c4 g6 2. Nc3 Bg7 3. g3 Nf6 4. Bg2 Nc6 5. Nf3 e5 6. e4 0-0 7. 0-0 Re8 8. Re1 a6 9. d3 Rb8 10. a4 Nb4 11. a5 b6 12. axb6 Rxb6 13. Be3 Rb8 14. Qd2 Ng4 15. Nd5 Nc6 16. Re2 Ne7 17. Bc5 d6 18. Ba3 c6 19. Nxe7+ Rxe7 20. h3 Nf6 21. d4 Rd7 22. dxe5 dxe5 23. Qc3 Ne8 24. Qe3 Bb7 25. Qc5 Qc7 26. h4 h5 27. Bh3 Rd3 28. Kg2 Rbd8 29. Rae1 f6 30. Re3 Qf7 31. Qb6 Qc7 32. Be6+ 1/2-1/2

[Event "Muensterland Verbandsliga 1617"]
[Site "Germany"]
[Date "2016.12.17"]
[Round "5.8"]
[White "Schuurmans, Han"]
[Black "Wienen, Josef"]
[Result "1-0"]
[WhiteElo "1542"]
[BlackElo "1617"]
[PlyCount "96"]
[EventDate "2016.09.10"]
[EventType "team"]
[EventRounds "9"]
[EventCountry "GER"]
[SourceTitle "EXT 2018"]
[Source "ChessBase"]
[SourceDate "2017.10.13"]
[SourceVersion "1"]
[SourceVersionDate "2017.10.13"]
[SourceQuality "1"]
[WhiteTeam "Suedlohn II"]
[BlackTeam "Heiden"]
[WhiteTeamCountry "GER"]
[BlackTeamCountry "GER"]

1. e4 d5 2. exd5 Qxd5 3. Nf3 Bg4 4. Be2 Nf6 5. 0-0 Nc6 6. d4 0-0-0 7. c4 Qd7 8. d5 Bxf3 9. Bxf3 Ne5 10. Be3 Nxf3+ 11. Qxf3 Qg4 12. Qxg4+ Nxg4 13. Nc3 a6 14. Bf4 e5 15. dxe6 fxe6 16. h3 Nf6 17. Rfe1 Re8 18. Rad1 Bc5 19. a3 Nh5 20. Be3 Bxe3 21. Rxe3 Rhf8 22. g3 Re7 23. Rde1 Rfe8 24. Nd5 Rf7 25. Rxe6 Rxe6 26. Rxe6 Kd7 27. Re2 Nf6 28. Nxf6+ Rxf6 29. Rd2+ Kc6 30. f4 b5 31. cxb5+ axb5 32. b4 Re6 33. Kf2 Re4 34. Kf3 Rc4 35. Rd3 h6 36. h4 g6 37. g4 Rc1 38. f5 g5 39. hxg5 hxg5 40. Ke2 Rc2+ 41. Kf3 Rc4 42. Kg3 Re4 43. f6 Re8 44. f7 Rf8 45. Rf3 Kd6 46. Rf5 c6 47. Kf3 Ke6 48. Ke4 Kd6 1-0

[Event "Muensterland Verbandsliga 1617"]
[Site "Germany"]
[Date "2016.11.05"]
[Round "3.8"]
[White "Stumpe, Danny"]
[Black "Wienen, Josef"]
[Result "0-1"]
[WhiteElo "1700"]
[BlackElo "1617"]
[PlyCount "80"]
[EventDate "2016.09.10"]
[EventType "team"]
[EventRounds "9"]
[EventCountry "GER"]
[SourceTitle "EXT 2018"]
[Source "ChessBase"]
[SourceDate "2017.10.13"]
[SourceVersion "1"]
[SourceVersionDate "2017.10.13"]
[SourceQuality "1"]
[WhiteTeam "Muenster SK IV"]
[BlackTeam "Heiden"]
[WhiteTeamCountry "GER"]
[BlackTeamCountry "GER"]

1. e4 d5 2. exd5 Qxd5 3. Nc3 Qd8 4. Nf3 c5 5. Bb5+ Bd7 6. 0-0 e6 7. d4 Nf6 8. Re1 Bxb5 9. Nxb5 a6 10. Nc3 cxd4 11. Nxd4 Be7 12. Bf4 0-0 13. Qd3 Nbd7 14. Rad1 Qa5 15. Qf3 Bb4 16. Nde2 e5 17. Bd2 Qc7 18. Ng3 Rae8 19. Nf5 e4 20. Qh3 g6 21. Nh6+ Kg7 22. Ng4 Nxg4 23. Nd5 Qxh2+ 24. Qxh2 Nxh2 25. Bxb4 Ng4 26. Bxf8+ Nxf8 27. f3 Nf6 28. Nxf6 Kxf6 29. Rd4 Rc8 30. Re2 exf3 31. Rf4+ Kg5 32. Rxf3 Rc7 33. Ref2 f5 34. Re3 h5 35. Re8 Nh7 36. Rfe2 Nf6 37. R8e7 Rc6 38. Rxb7 Rd6 39. Rb3 Rd1+ 40. Kf2 Ng4+ 0-1

[Event "Muensterland Verbandsliga 1314"]
[Site "Germany"]
[Date "2013.10.05"]
[Round "2.8"]
[White "Wienen, Josef"]
[Black "Kerkhoff, Werner"]
[Result "0-1"]
[WhiteElo "1644"]
[BlackElo "1551"]
[PlyCount "79"]
[EventDate "2013.09.07"]
[EventType "team-tourn"]
[EventRounds "9"]
[EventCountry "GER"]
[SourceTitle "EXT 2015"]
[Source "ChessBase"]
[SourceDate "2014.11.20"]
[SourceVersion "1"]
[SourceVersionDate "2014.11.20"]
[SourceQuality "1"]
[WhiteTeam "Heiden"]
[BlackTeam "Muenster Indische Dame"]
[WhiteTeamCountry "GER"]
[BlackTeamCountry "GER"]

1. c4 e5 2. Nc3 Nf6 3. g3 c6 4. Bg2 d5 5. d3 dxc4 6. dxc4 Qxd1+ 7. Kxd1 Be6 8. b3 Na6 9. Nf3 Rd8+ 10. Nd2 Ng4 11. Nce4 Bc5 12. Nxc5 Nxc5 13. Ke1 f5 14. h3 Nf6 15. Bb2 Nfd7 16. Nf3 e4 17. Nd4 Kf7 18. b4 Na4 19. Nxe6 Kxe6 20. Bxg7 Rhg8 21. Bh6 Ne5 22. Rc1 Nb2 23. c5 Nec4 24. h4 Rd5 25. Bg5 Rg7 26. g4 Rgd7 27. gxf5+ Ke5 28. f4+ exf3 29. Bxf3 Rd4 30. Kf2 Kxf5 31. e4+ Kg6 32. Rhg1 Nd3+ 33. Ke2 Nxc1+ 34. Bxc1+ Kf6 35. Rg5 Ne5 36. Rf5+ Ke6 37. Bg2 Rg7 38. Bg5 Rf7 39. Bh3 Rxe4+ 40. Kd1 0-1

[Event "Muensterland Verbandsklasse-B 1213"]
[Site "Germany"]
[Date "2012.11.17"]
[Round "3.4"]
[White "Rickert, Berthold"]
[Black "Wienen, Josef"]
[Result "1/2-1/2"]
[WhiteElo "1802"]
[BlackElo "1698"]
[PlyCount "38"]
[EventDate "2012.09.15"]
[EventType "team-tourn"]
[EventRounds "9"]
[EventCountry "GER"]
[SourceTitle "EXT 2015"]
[Source "ChessBase"]
[SourceDate "2014.11.20"]
[SourceVersion "1"]
[SourceVersionDate "2014.11.20"]
[SourceQuality "1"]
[WhiteTeam "Borken"]
[BlackTeam "Heiden II"]
[WhiteTeamCountry "GER"]
[BlackTeamCountry "GER"]

1. c4 c5 2. Nc3 Nc6 3. g3 g6 4. Bg2 Bg7 5. e3 e5 6. Nge2 Nge7 7. d3 0-0 8. 0-0 d6 9. Nd5 Nxd5 10. Bxd5 Be6 11. Bg2 Rb8 12. Nc3 Qd7 13. Nd5 Ne7 14. Nxe7+ Qxe7 15. Qa4 b6 16. Rb1 Qd7 17. Bc6 Qc7 18. Bg2 Bd7 19. Qc2 Qc8 1/2-1/2

[Event "Muensterland Verbandsklasse-B 1213"]
[Site "Germany"]
[Date "2012.09.15"]
[Round "1.4"]
[White "Lanfer, Stefanie"]
[Black "Wienen, Josef"]
[Result "1-0"]
[WhiteElo "1745"]
[BlackElo "1698"]
[PlyCount "91"]
[EventDate "2012.09.15"]
[EventType "team-tourn"]
[EventRounds "9"]
[EventCountry "GER"]
[SourceTitle "EXT 2015"]
[Source "ChessBase"]
[SourceDate "2014.11.20"]
[SourceVersion "1"]
[SourceVersionDate "2014.11.20"]
[SourceQuality "1"]
[WhiteTeam "Gescher"]
[BlackTeam "Heiden II"]
[WhiteTeamCountry "GER"]
[BlackTeamCountry "GER"]

1. e4 e5 2. d4 exd4 3. Qxd4 Nc6 4. Qe3 b6 5. Nc3 Bb4 6. Bd2 Bb7 7. 0-0-0 Bxc3 8. Bxc3 f6 9. Qg3 Kf8 10. f4 Qe7 11. Nf3 d6 12. Bd3 Nh6 13. Nh4 Qe6 14. b3 Ne7 15. Rhe1 Qg4 16. Qf2 Rd8 17. f5 Qh5 18. h3 Qe8 19. g4 Nf7 20. Nf3 Nc6 21. g5 Nfe5 22. gxf6 gxf6 23. Bb5 Nxf3 24. Qxf3 Qe7 25. Bxc6 Bxc6 26. Qh5 Rg8 27. Qh6+ Qg7 28. Qxf6+ Qxf6 29. Bxf6 Re8 30. e5 Kf7 31. h4 Bf3 32. Rd2 h5 33. Bg5 d5 34. e6+ Kf8 35. f6 Rg6 36. e7+ Kf7 37. c4 c6 38. cxd5 Bxd5 39. Kb2 Reg8 40. Rde2 Ke8 41. Rd2 Kf7 42. Re5 Re8 43. b4 b5 44. Rd3 Reg8 45. Ra3 Ra8 46. Rxa7 1-0

[Event "Muensterland Verbandsklasse-B 1112"]
[Site "Germany"]
[Date "2012.03.10"]
[Round "7.3"]
[White "Rebber, Christian"]
[Black "Wienen, Josef"]
[Result "0-1"]
[WhiteElo "1902"]
[BlackElo "1678"]
[PlyCount "104"]
[EventDate "2011.09.17"]
[EventType "team-tourn"]
[EventRounds "9"]
[EventCountry "GER"]
[SourceTitle "EXT 2013"]
[Source "ChessBase"]
[SourceDate "2012.11.22"]
[SourceVersion "1"]
[SourceVersionDate "2012.11.22"]
[SourceQuality "1"]
[WhiteTeam "Duelmen"]
[BlackTeam "Heiden II"]
[WhiteTeamCountry "GER"]
[BlackTeamCountry "GER"]

1. e4 d5 2. exd5 Qxd5 3. Nc3 Qd8 4. d4 c6 5. Nf3 Nf6 6. Bc4 e6 7. 0-0 Be7 8. a4 0-0 9. Qe2 Nbd7 10. Rd1 b6 11. Re1 Bb4 12. Bd2 Bxc3 13. Bxc3 Nd5 14. Bd2 Qc7 15. g3 Bb7 16. Bd3 N7f6 17. c4 Ne7 18. Bc3 Ng6 19. Ne5 c5 20. Ng4 Nxg4 21. Qxg4 cxd4 22. Qxd4 e5 23. Qg4 e4 24. Bxe4 Qxc4 25. Qf5 Bxe4 26. Rxe4 Qd3 27. Rae1 Rad8 28. Qh3 h6 29. Qg2 Rd7 30. h4 Rfd8 31. h5 Nf8 32. Rg4 Ne6 33. Rge4 Qd5 34. Re5 Qb3 35. a5 Rd1 36. axb6 axb6 37. Qc6 Ng5 38. Re8+ Rxe8 39. Qxe8+ Kh7 40. Qe2 Nf3+ 41. Qxf3 Rxe1+ 42. Kg2 Re8 43. Qd3+ Kg8 44. Qd4 f6 45. g4 Qb5 46. Qd6 Qe2 47. Kg3 Qe6 48. Qd3 Qc6 49. f3 Qc7+ 50. Kg2 Qc6 51. Kg3 b5 52. Qg6 Qd6+ 0-1

[Event "Muensterland Verbandsklasse-B 1112"]
[Site "Germany"]
[Date "2012.01.14"]
[Round "5.4"]
[White "Wienen, Josef"]
[Black "Van Dijk, Guido"]
[Result "1/2-1/2"]
[WhiteElo "1678"]
[BlackElo "1747"]
[PlyCount "86"]
[EventDate "2011.09.17"]
[EventType "team-tourn"]
[EventRounds "9"]
[EventCountry "GER"]
[SourceTitle "EXT 2013"]
[Source "ChessBase"]
[SourceDate "2012.11.22"]
[SourceVersion "1"]
[SourceVersionDate "2012.11.22"]
[SourceQuality "1"]
[WhiteTeam "Heiden II"]
[BlackTeam "Rheine Klein Berlin II"]
[WhiteTeamCountry "GER"]
[BlackTeamCountry "GER"]

1. c4 c6 2. d4 d5 3. e3 Nf6 4. Nc3 Bf5 5. Nf3 e6 6. a3 h6 7. Be2 Be7 8. 0-0 0-0 9. cxd5 exd5 10. b4 a6 11. Bb2 Nbd7 12. Rc1 Re8 13. Nd2 Bd6 14. Nf3 Ne4 15. g3 Ndf6 16. Nh4 Bh3 17. Re1 g5 18. Ng2 Qb8 19. Nxe4 Nxe4 20. Bf3 Bf5 21. Bxe4 Bxe4 22. Qh5 Kg7 23. Qe2 Bg6 24. f3 f5 25. Qf2 Re6 26. Re2 Kh7 27. Ne1 Qe8 28. Nd3 a5 29. Ne5 axb4 30. axb4 Bxb4 31. Rb1 Bd6 32. Bc3 b5 33. f4 Bxe5 34. fxe5 Ra4 35. Rc1 Qa8 36. Qe1 Re8 37. Bb4 Bf7 38. Rec2 Ra6 39. Qf2 Be6 40. h4 gxh4 41. gxh4 Rg8+ 42. Kh2 Rg4 43. Rg1 Qg8 1/2-1/2

[Event "Muensterland Verbandsklasse-B 1112"]
[Site "Germany"]
[Date "2011.10.08"]
[Round "2.4"]
[White "Roewekamp, Helmut"]
[Black "Wienen, Josef"]
[Result "1/2-1/2"]
[WhiteElo "1643"]
[BlackElo "1678"]
[PlyCount "54"]
[EventDate "2011.09.17"]
[EventType "team-tourn"]
[EventRounds "9"]
[EventCountry "GER"]
[SourceTitle "EXT 2013"]
[Source "ChessBase"]
[SourceDate "2012.11.22"]
[SourceVersion "1"]
[SourceVersionDate "2012.11.22"]
[SourceQuality "1"]
[WhiteTeam "Reckenfeld"]
[BlackTeam "Heiden II"]
[WhiteTeamCountry "GER"]
[BlackTeamCountry "GER"]

1. e4 e5 2. Nf3 d6 3. Bc4 Bg4 4. c3 Qf6 5. Be2 Bxf3 6. Bxf3 Nc6 7. d3 g6 8. Be3 Bh6 9. Bxh6 Nxh6 10. Nd2 0-0-0 11. a4 Qe7 12. b4 f5 13. a5 fxe4 14. dxe4 Nb8 15. Qc1 g5 16. Nc4 Qf7 17. Ne3 c6 18. c4 Na6 19. Rb1 Nc7 20. b5 Ne6 21. bxc6 Nc5 22. cxb7+ Kb8 23. Qc2 Rhf8 24. Qe2 Qg6 25. Qd1 g4 26. Be2 Qxe4 27. 0-0 Rf7 1/2-1/2

[Event "Muensterland Verbandsklasse-B 1011"]
[Site "Germany"]
[Date "2011.01.08"]
[Round "5.4"]
[White "Wienen, Josef"]
[Black "Kemper, Andreas"]
[Result "1/2-1/2"]
[WhiteElo "1651"]
[BlackElo "1828"]
[PlyCount "33"]
[EventDate "2010.09.18"]
[EventType "team-tourn"]
[EventRounds "9"]
[EventCountry "GER"]
[SourceTitle "EXT 2012"]
[Source "ChessBase"]
[SourceDate "2011.11.24"]
[SourceVersion "1"]
[SourceVersionDate "2011.11.24"]
[SourceQuality "1"]
[WhiteTeam "Heiden II"]
[BlackTeam "Ahaus Wessum"]
[WhiteTeamCountry "GER"]
[BlackTeamCountry "GER"]

1. c4 e5 2. Nc3 Nc6 3. g3 g6 4. Bg2 Bg7 5. d3 Nge7 6. Nf3 0-0 7. 0-0 h6 8. e4 d6 9. Be3 f5 10. Qd2 Kh7 11. Nd5 Nd4 12. Nxe7 Qxe7 13. Bxd4 exd4 14. exf5 Bxf5 15. Nh4 c6 16. Nxf5 gxf5 17. Rae1 1/2-1/2

[Event "Muensterland Verbandsklasse-A 0708"]
[Site "Germany"]
[Date "2008.03.08"]
[Round "7.6"]
[White "Darwisch, Mohamed"]
[Black "Wienen, Josef"]
[Result "1-0"]
[WhiteElo "1734"]
[BlackElo "1670"]
[PlyCount "81"]
[EventDate "2007.09.22"]
[EventType "team"]
[EventRounds "9"]
[EventCountry "GER"]
[SourceTitle "EXT 2009"]
[Source "ChessBase"]
[SourceDate "2008.11.26"]
[SourceVersion "1"]
[SourceVersionDate "2008.11.26"]
[SourceQuality "1"]
[WhiteTeam "Ahaus Wessum"]
[BlackTeam "Heiden II"]
[WhiteTeamCountry "GER"]
[BlackTeamCountry "GER"]

1. e4 d5 2. exd5 Qxd5 3. Nc3 Qd8 4. Nf3 c5 5. Bc4 e6 6. 0-0 Nc6 7. d4 cxd4 8. Nb5 a6 9. Nbxd4 Nxd4 10. Nxd4 Bc5 11. c3 Nf6 12. Bg5 0-0 13. Bd3 Be7 14. Qe2 Nd5 15. Bxe7 Qxe7 16. f4 Qc7 17. Qf2 Nf6 18. Rae1 h6 19. Qh4 Qa5 20. g4 Qd8 21. g5 Nh7 22. Qh5 Nxg5 23. fxg5 Qxg5+ 24. Qxg5 hxg5 25. Re5 Rd8 26. Rxg5 f6 27. Rg3 Kf8 28. Bc4 e5 29. Nf3 b5 30. Bb3 Ra7 31. Nxe5 Rd2 32. Ng6+ Ke8 33. Re3+ Kd8 34. Rfe1 Rad7 35. Re8+ Kc7 36. Be6 Bb7 37. Bxd7 Rg2+ 38. Kf1 Rxg6 39. R1e7 Bg2+ 40. Kf2 Kd6 41. Bf5 1-0

[Event "Muensterland Verbandsklasse-A 0708"]
[Site "Germany"]
[Date "2007.09.22"]
[Round "1.6"]
[White "Wienen, Josef"]
[Black "Binger, Friedhelm"]
[Result "1/2-1/2"]
[WhiteElo "1670"]
[BlackElo "1813"]
[PlyCount "37"]
[EventDate "2007.09.22"]
[EventType "team"]
[EventRounds "9"]
[EventCountry "GER"]
[SourceTitle "EXT 2009"]
[Source "ChessBase"]
[SourceDate "2008.11.26"]
[SourceVersion "1"]
[SourceVersionDate "2008.11.26"]
[SourceQuality "1"]
[WhiteTeam "Heiden II"]
[BlackTeam "Gronau"]
[WhiteTeamCountry "GER"]
[BlackTeamCountry "GER"]

1. c4 e6 2. g3 d5 3. cxd5 exd5 4. d4 Nf6 5. Bg2 c6 6. Nf3 Bf5 7. 0-0 Nbd7 8. Nc3 h6 9. Re1 Be7 10. Nd2 0-0 11. e4 dxe4 12. Ndxe4 Be6 13. a3 Nd5 14. Nxd5 Bxd5 15. Nc3 Bxg2 16. Kxg2 Nf6 17. Qf3 Re8 18. Be3 Rc8 19. Rad1 1/2-1/2

[Event "Muensterland Verbandsklasse-A 0607"]
[Site "Germany"]
[Date "2006.10.21"]
[Round "2.6"]
[White "Mummel, Christian"]
[Black "Wienen, Josef"]
[Result "1-0"]
[WhiteElo "1731"]
[BlackElo "1700"]
[PlyCount "53"]
[EventDate "2006.09.23"]
[EventType "team"]
[EventRounds "9"]
[EventCountry "GER"]
[SourceTitle "EXT 2008"]
[Source "ChessBase"]
[SourceDate "2007.11.25"]
[SourceVersion "1"]
[SourceVersionDate "2007.11.25"]
[SourceQuality "1"]
[WhiteTeam "Raesfeld Erle"]
[BlackTeam "Heiden II"]
[WhiteTeamCountry "GER"]
[BlackTeamCountry "GER"]

1. c4 c5 2. Nc3 Nc6 3. Nf3 g6 4. g3 Bg7 5. Bg2 Nf6 6. 0-0 0-0 7. d4 cxd4 8. Nxd4 a6 9. e4 d6 10. Nxc6 bxc6 11. e5 dxe5 12. Bxc6 Rb8 13. Qa4 Qc7 14. b4 Bb7 15. Bxb7 Qxb7 16. Rb1 Ne4 17. Nxe4 Qxe4 18. Qb3 Rfc8 19. c5 Rxc5 20. bxc5 Rxb3 21. Rxb3 h5 22. Be3 Qa4 23. Rb6 h4 24. c6 h3 25. c7 Qe4 26. c8Q+ Kh7 27. Qxh3+ 1-0

[Event "Muensterland Verbandsklasse-A 0607"]
[Site "Germany"]
[Date "2006.09.23"]
[Round "1.5"]
[White "Wigger, Reiner"]
[Black "Wienen, Josef"]
[Result "1/2-1/2"]
[WhiteElo "1779"]
[BlackElo "1700"]
[PlyCount "67"]
[EventDate "2006.09.23"]
[EventType "team"]
[EventRounds "9"]
[EventCountry "GER"]
[SourceTitle "EXT 2008"]
[Source "ChessBase"]
[SourceDate "2007.11.25"]
[SourceVersion "1"]
[SourceVersionDate "2007.11.25"]
[SourceQuality "1"]
[WhiteTeam "Muenster Indische Dame"]
[BlackTeam "Heiden II"]
[WhiteTeamCountry "GER"]
[BlackTeamCountry "GER"]

1. e4 d5 2. exd5 Nf6 3. Nf3 Nxd5 4. d4 g6 5. c4 Nf6 6. Nc3 c6 7. Be2 Bg7 8. 0-0 0-0 9. h3 Nbd7 10. Bf4 b6 11. Qd2 Bb7 12. Rfe1 Re8 13. Rad1 Nf8 14. Qc2 Ne6 15. Be5 Qc8 16. Ne4 Nd7 17. Bxg7 Nxg7 18. Bd3 Ne6 19. Qd2 Kg7 20. Neg5 Nxg5 21. Qxg5 Nf6 22. Nh4 e6 23. Nf3 h6 24. Qg3 Qb8 25. Ne5 Nh5 26. Qg4 Nf6 27. Qg3 Nh5 28. Qf3 Qc7 29. Be4 Rac8 30. Qd3 f5 31. Bf3 Nf6 32. Be2 c5 33. Qg3 g5 34. Nf3 1/2-1/2

[Event "Muensterland Verbandsklasse-A 0506"]
[Site "Germany"]
[Date "2005.11.05"]
[Round "2.8"]
[White "Wienen, Josef"]
[Black "Joergensmann, Rolf"]
[Result "1-0"]
[WhiteElo "1701"]
[BlackElo "1790"]
[PlyCount "57"]
[EventDate "2005.09.03"]
[EventType "team"]
[EventRounds "9"]
[EventCountry "GER"]
[SourceTitle "EXT 2006"]
[Source "ChessBase"]
[SourceDate "2005.11.24"]
[SourceVersion "1"]
[SourceVersionDate "2005.11.24"]
[SourceQuality "1"]
[WhiteTeam "Heiden II"]
[BlackTeam "Nienberge"]
[WhiteTeamCountry "GER"]
[BlackTeamCountry "GER"]

1. c4 e6 2. Nc3 d5 3. cxd5 exd5 4. d4 Nf6 5. g3 c6 6. Bg2 Be7 7. Nf3 Nbd7 8. 0-0 0-0 9. Re1 h6 10. Qc2 Re8 11. b3 Bb4 12. Bd2 Bxc3 13. Bxc3 Ne4 14. Bb2 Ng5 15. Nxg5 Qxg5 16. e4 dxe4 17. Bxe4 Qd8 18. d5 cxd5 19. Bxd5 Nf6 20. Rxe8+ Nxe8 21. Rd1 Qg5 22. Qc4 Qf5 23. Be4 Qg5 24. Bd5 Qf5 25. Re1 Be6 26. Bxe6 fxe6 27. Rxe6 Kh7 28. Qe2 Qg6 29. Rxg6 1-0

[Event "Muensterland Verbandsklasse-A 0203"]
[Site "Muensterland"]
[Date "2002.12.14"]
[Round "4.7"]
[White "Wienen, Josef"]
[Black "Jacob, Barbara"]
[Result "1/2-1/2"]
[WhiteElo "1662"]
[BlackElo "1647"]
[PlyCount "67"]
[EventDate "2002.09.28"]
[EventType "team"]
[EventRounds "9"]
[EventCountry "GER"]
[SourceTitle "EXT 2004"]
[Source "ChessBase"]
[SourceDate "2003.11.25"]
[SourceVersion "1"]
[SourceVersionDate "2003.11.25"]
[SourceQuality "1"]
[WhiteTeam "Heiden II"]
[BlackTeam "Ochtrup"]
[WhiteTeamCountry "GER"]
[BlackTeamCountry "GER"]

1. c4 e5 2. g3 Nf6 3. Nc3 Bc5 4. Bg2 0-0 5. e3 Nc6 6. Nge2 d6 7. d4 exd4 8. exd4 Bb4 9. 0-0 Bg4 10. Be3 Qd7 11. Qa4 Bxc3 12. Nxc3 Bh3 13. Nd5 Nxd5 14. cxd5 Ne7 15. Qb3 Bxg2 16. Kxg2 b6 17. Rac1 Rac8 18. a3 Qf5 19. Rfe1 Qxd5+ 20. Qxd5 Nxd5 21. Rc6 Rfe8 22. Rec1 f6 23. Kf3 Kf7 24. b4 Rcd8 25. b5 Re7 26. R6c4 Rde8 27. Re1 f5 28. h4 h6 29. Rcc1 Re4 30. a4 R8e7 31. Rc2 f4 32. gxf4 Nxf4 33. Rxc7 Rxc7 34. Kxe4 1/2-1/2